[Event "Norwood Centenary"]
[Site "Norwood"]
[Date "1990.04.15"]
[Round "4.1"]
[White "Speck, Nicholas S"]
[Black "Zaric, Srboljub"]
[Result "1-0"]
[WhiteElo "1907"]
[BlackElo "2180"]
[PlyCount "61"]
[EventDate "1990.04.14"]
[EventType "swiss"]
[EventRounds "6"]
[EventCountry "AUS"]

1. e4 c5 2. Nc3 Nc6 3. g3 g6 4. Bg2 Bg7 5. d3 e6 6. Be3 d6 7. f4 Nge7 8. Nf3
Nd4 9. O-O Rb8 {Sicilian Defence [Closed System]} 10. Bf2 $146 (10. e5 Nef5 11.
Bf2 dxe5 12. Nxe5 b6 (12... f6 13. Nc4 O-O 14. Ne4 b6 15. a4 Ne7 16. Ned6 Bd7
17. b4 Nd5 18. bxc5 bxc5 19. Ra3 Qc7 20. c3 Nf5 21. Ne4 Rfd8 22. Nxc5 Bc8 23.
Rb3 Bf8 24. Rxb8 Qxb8 25. Qc1 Bxc5 26. Bxc5 Qb3 27. Qb2 {
Claesen,P-Ragozin,E/Antwerpen op 1994/TD 94\02/1/2-1/2 (59)}) 13. Bc6+ Nxc6 14.
Nxc6 Qc7 15. Nxb8 Bb7 16. Rb1 O-O 17. Ne4 Rxb8 18. c3 c4 19. Re1 cxd3 20. Qa4
Ba8 21. Kf1 Qb7 22. Bd4 Bxd4 23. cxd4 Nd6 24. d5 Nxe4 25. Qxe4 Qa6 26. Red1
Bxd5 27. Qe5 Rc8 28. a3 Bb3 29. Rd2 Qc4 30. Qd6 Qe4 31. Kf2 Bd5 32. Qd7 Qg2+ {
0-1 Bohnenblust,S-Lupkowski,E/WchJM-U14 Duisburg 1992/TD 92\06 (32)}) (10. Qd2
b5 11. a3 (11. Nd1 b4 12. e5 Nxf3+ 13. Bxf3 Bb7 14. Qf2 Bxf3 15. Qxf3 O-O 16.
a4 Nf5 17. exd6 Nxe3 18. Nxe3 Bxb2 19. Ra2 Bd4 20. h4 Qxd6 21. Kh2 Bxe3 22.
Qxe3 Qd4 23. Qf3 Qd5 24. Rb2 Qxf3 25. Rxf3 h5 {
Droeber,A-Mantzouneas,N/Bad Woerishofen op 1989/TD 89\05/0-1 (62)}) 11... O-O
12. Rab1 a5 13. Ne2 Nxf3+ 14. Bxf3 f5 15. c3 Bb7 16. exf5 Bxf3 17. Rxf3 gxf5
18. Rd1 Nd5 19. b3 Qc7 20. c4 Nf6 21. Nc3 Qc6 22. Rdf1 bxc4 23. bxc4 d5 24.
cxd5 exd5 {Ptacnikova,L-Velcheva,M/Medellin 1996/1-0 (48)}) (10. Rb1 Nec6 11.
Ng5 O-O 12. Qd2 f5 13. Nd1 h6 14. Nh3 Kh7 15. c3 Nb5 16. Ndf2 Bd7 17. Kh1 b6
18. Ng1 Nc7 19. d4 cxd4 20. cxd4 fxe4 21. Nxe4 Qe7 22. Nf3 Nd5 23. Bf2 Na5 24.
b3 Bc6 {Neumark,P-Kjetsae,J/BL2-N 8889 1989/BL2/0-1 (76)}) 10... Nxf3+ 11. Bxf3
Nc6 12. Bg2 Nd4 13. e5 {White gains space} dxe5 14. fxe5 Bxe5 15. Ne4 b6 {
Covers c5} 16. c3 Nb5 17. Qe2 Bg7 18. d4 Nd6 19. dxc5 Nxe4 20. Bxe4 O-O 21.
Rad1 Qe7 22. cxb6 axb6 {Prevents intrusion on c5} 23. Rd2 f5 24. Bd5 Kh8 25.
Re1 $11 {Now all is on e6} (25. Bd4 Bxd4+ 26. Rxd4 e5 $11) 25... e5 $14 (25...
Qg5 26. Bg2 e5 27. Rd5 $14) 26. Bd4 e4 {This push gains space} 27. Qe3 {
Attacking the isolated pawn on b6} Bxd4 28. Rxd4 Ba6 29. Ra4 Bb5 30. Rb4 Qc5 $4
$18 (30... Bd3 $142 $14 {is the best chance}) 31. Rxb5 $1 {
a fitting end to a beautiful game} (31. Rxb5 Qxe3+ 32. Rxe3 $18) 1-0

[Event "Norwood Centenary"]
[Site "Norwood"]
[Date "1990.04.15"]
[Round "4.2"]
[White "Steffensen, Dennis A"]
[Black "Corner, Michael"]
[Result "0-1"]
[WhiteElo "1685"]
[BlackElo "1923"]
[PlyCount "52"]
[EventDate "1990.04.14"]
[EventType "swiss"]
[EventRounds "6"]
[EventCountry "AUS"]

1. d4 Nf6 2. c4 e5 3. dxe5 Ne4 {Budapest Defence [Fajarowicz Variation]} 4. Nf3
d6 5. g3 $146 (5. Nbd2 Nc5 6. exd6 Bxd6 7. b4 Ne6 8. c5 Qf6 9. Rb1 Be7 10. Bb2
Qh6 11. g3 a5 12. a3 Na6 13. Bc3 O-O 14. Bg2 Rd8 15. Qc2 c6 16. O-O Nec7 17.
Nc4 axb4 18. axb4 Bg4 19. e4 Qh5 20. Nd4 Rxd4 21. Bxd4 Nb5 22. Ba1 Be2 23. Rfe1
Bxc4 24. Qxc4 Na3 25. Qc3 {1-0 Blaho,S-Berg,B/Bratislava 1993/EXT 93op2 (25)})
(5. Qd5 Nc5 6. Bg5 Qd7 7. Nc3 Nc6 8. exd6 Bxd6 9. Nb5 Nb4 10. Nxd6+ cxd6 11.
Qd2 Qa4 12. Nd4 O-O 13. b3 Qa5 14. f3 Re8 15. e3 Ncd3+ 16. Bxd3 Nxd3+ 17. Ke2
Qxg5 18. Kxd3 Bd7 19. e4 Qg6 {
Finegold,G-Rogers,C/Prague Bohemians-W 1990/TD 93\02/1-0 (33)}) 5... Nc6 {
Black gets in control} 6. Bg2 $14 (6. Qd5 f5 7. exf6 Nxf6 $16) 6... Be6 $16 (
6... dxe5 $5 7. Qxd8+ Kxd8 $14) 7. b3 $11 {
Black creates threats along the open d-file} (7. Nd4 $142 $5 Nxd4 8. Qxd4 $16 (
8. Bxe4 $6 dxe5 9. Nc3 c6 $11)) 7... dxe5 8. O-O Bc5 9. Nfd2 $4 $19 (9. Qd3
Nxf2 10. Qxd8+ Rxd8 11. e3 $19) 9... Nxf2 10. Rxf2 (10. Bxc6+ {is not much help
} bxc6 11. Qc2 Qd4 $19) 10... Bxf2+ 11. Kxf2 Qd4+ 12. Kf1 (12. e3 {
doesn't do any good} Qxa1 13. Bxc6+ bxc6 $19) 12... Qxa1 13. Qc2 Qd4 14. Nf3
Qd7 15. Bb2 O-O-O 16. Nc3 Bf5 17. e4 Bg4 18. Nd5 Bxf3 (18... Rhe8 {
and Black can already relax} 19. Kg1 $19) 19. Bxf3 Nd4 20. Bxd4 exd4 21. Qd1
Kb8 22. Qxd4 f5 (22... c6 {makes it even easier for Black} 23. Qe5+ Qd6 24.
Qxg7 cxd5 25. exd5 $19) 23. exf5 Qxf5 24. Kg2 Rhf8 25. Qf2 (25. Qe4 {
doesn't change the outcome of the game} Qxe4 26. Bxe4 c6 $19) 25... c6 26. Ne3
(26. g4 {desperation} Qxf3+ $1 {the logical end} 27. Qxf3 Rxf3 28. Kxf3 cxd5
29. cxd5 Rxd5 30. Ke3 $19) 26... Qxf3+ $1 {the knockout punch} (26... Qxf3+ 27.
Qxf3 Rd2+ 28. Kh3 Rxf3 $19) 0-1

[Event "Norwood Centenary"]
[Site "Norwood"]
[Date "1990.04.15"]
[Round "4.3"]
[White "Thompson, Alan"]
[Black "Hannagan, Peter"]
[Result "1-0"]
[WhiteElo "1774"]
[BlackElo "1651"]
[PlyCount "101"]
[EventDate "1990.04.14"]
[EventType "swiss"]
[EventRounds "6"]
[EventCountry "AUS"]

1. e4 e5 2. Nf3 Nc6 3. Bb5 Bc5 4. O-O Qf6 5. Nc3 Nge7 6. Nd5 Nxd5 7. exd5 Ne7
8. Re1 {Ruy Lopez [Classical Defence]} a6 $146 (8... O-O 9. Bc4 Ng6 10. d3 d6
11. Be3 Bb6 12. Nd2 Nf4 13. Qf3 g5 14. h3 Qg7 15. a4 g4 16. Qg3 Nh5 17. Qh4
Bxe3 18. Rxe3 gxh3 19. g3 f5 20. Qxh5 f4 21. Nf1 fxe3 22. Nxe3 Bd7 23. Bb5 {
Vetemaa,J-Van der Borgt,P/Vlissingen op 1996/EXP 53/1/2-1/2 (64)}) 9. Ba4 b5
10. Bb3 d6 $2 $18 (10... Qb6 $142 $5 {and Black can hope to live} 11. Qe2 e4
$11) 11. c3 $4 $11 {White is ruining his position} (11. d4 $142 Bxd4 12. Bg5
$16 (12. Nxd4 $6 exd4 13. a4 Bb7 $11)) 11... Bg4 12. a4 Bxf3 13. Qxf3 Qxf3 {
Do you see the mate threat?} 14. gxf3 O-O $16 (14... Kd7 $142 $5 $11 {
must be considered}) 15. d4 bxa4 16. Rxa4 Bb6 17. dxe5 dxe5 18. Rxe5 Ng6 19.
Ree4 a5 20. Ba2 Rfb8 21. h4 Bc5 $18 (21... Re8 22. Kg2 $16) 22. h5 {
White fights for the Initiative} Ne7 23. Re2 Bd6 24. Bg5 f6 25. Bc1 Rb5 $18 (
25... Nf5 26. Rae4 $16) 26. Rxe7 (26. b4 Nxd5 27. Bc4 c6 28. Bxb5 cxb5 29. Rxa5
Rd8 $18) 26... Bxe7 27. d6+ Kf8 28. dxe7+ Kxe7 29. h6 gxh6 30. Rh4 (30. Re4+
Re5 $18) 30... h5 31. Bb1 Rd8 32. Bc2 Re5 33. Kf1 Kf7 (33... Red5 34. Re4+ Kd7
35. Bf4 $16) 34. Rc4 c5 35. Ra4 Rde8 36. Be3 Rb8 37. Bc1 $4 $11 {
with this move White loses his initiative} (37. b3 $142 {
and White can look forward to a comfortable game} c4 38. Rxc4 $18) 37... Rbe8
38. Be3 $11 (38. Kg2 $142 $5 $16) 38... Ra8 $4 $18 {
letting the wind out of his own sails} (38... Rb8 $142 $11 {
would keep Black in the game}) 39. Be4 Rae8 40. Rxa5 {
White gets decisive kings attack} f5 (40... h4 41. c4 $18) 41. Bc6 Rc8 42. Bb5
c4 $2 (42... Rd8 $18) 43. Bxc4+ $1 {Boing!} Rxc4 44. Rxe5 Kf6 45. Bd4 Kg5 46.
b4 Rc7 47. b5 Kf4 48. b6 {Threatening mate... how?} Rf7 (48... Rb7 {
hardly improves anything} 49. Re3 h4 50. c4 $18) 49. Rb5 Rb7 (49... Kxf3 {
hoping against hope} 50. b7 Rxb7 51. Rxb7 h6 $18) 50. Kg2 $18 (50. Be3+ Kxf3
51. Rb4 Rxb6 52. Rf4#) 50... Rg7+ (50... Kg5 $18 {is one last hope}) 51. Bxg7 (
51. Bxg7 Kg5 52. b7 h4 53. b8=Q h3+ 54. Kxh3 Kg6 55. Qg3+ Kf7 56. Rb7+ Ke6 57.
Qe5#) 1-0

[Event "Norwood Centenary"]
[Site "Norwood"]
[Date "1990.04.15"]
[Round "4.4"]
[White "Condon, Robert F"]
[Black "Clarke, Richard"]
[Result "0-1"]
[WhiteElo "1745"]
[BlackElo "1626"]
[PlyCount "58"]
[EventDate "1990.04.14"]
[EventType "swiss"]
[EventRounds "6"]
[EventCountry "AUS"]

1. e4 d6 2. d4 Nf6 3. Nc3 g6 4. Bc4 Bg7 5. Nf3 O-O {Pirc Defence} 6. Be3 c6 (
6... Nbd7 7. Qd2 Ng4 8. Bf4 c5 9. dxc5 Nxc5 10. Bd3 Qb6 11. Nd1 f5 12. exf5
Nxd3+ 13. cxd3 Bxf5 14. O-O Bxd3 15. Re1 e5 {
1/2-1/2 Waechter,T-Medwed,E/Lingen 1995 (15)}) 7. h3 $146 {Secures g4} (7. Qd2
b5 (7... Ng4 8. h3 Nxe3 9. Qxe3 Nd7 10. e5 d5 11. Bd3 e6 12. h4 h6 13. g4 b6
14. O-O-O a6 15. Ne2 Re8 16. Rdg1 c5 17. c3 c4 18. Bb1 b5 19. Qd2 Rb8 20. h5 g5
21. Qc2 Nf8 22. Nh2 Rb7 23. f4 f6 24. fxg5 fxg5 25. Rf1 Ree7 26. Rf2 Rf7 27.
Rhf1 Rxf2 28. Rxf2 Qb6 29. Ng3 b4 30. cxb4 Qxd4 31. Ngf1 Bxe5 32. Nf3 Bf4+ 33.
Rd2 Bxd2+ 34. N1xd2 Qxg4 35. Qc3 Qxh5 36. Ne5 g4 37. Qg3 Qh3 38. Qf4 g3 39. Ng4
Kg7 40. Qf6+ Kg8 41. Nxh6+ Qxh6 42. Qxh6 g2 43. Qe3 e5 {
1/2-1/2 Walther,T-Tietje,C/Binz 1994 (43)}) 8. Bd3 Qc7 9. O-O-O Nbd7 10. h4 h5
11. Bh6 b4 12. Bxg7 Kxg7 13. Nb1 a5 14. Ng5 Nb6 15. f3 c5 16. e5 dxe5 17. dxe5
Qxe5 18. Rhe1 Qc7 19. g4 hxg4 20. h5 Nxh5 21. fxg4 Bxg4 {
Schosse,T-Kuehnrich,P/OLO-A 1993/GER 03/0-1 (54)}) (7. Bb3 Qc7 8. e5 dxe5 9.
Nxe5 Nd5 10. Nxd5 cxd5 11. f4 Bf5 12. c3 Be4 13. Qg4 Nc6 14. O-O Na5 15. Qg3
Nxb3 16. axb3 Bc2 17. f5 f6 18. Qf2 Bxf5 19. Nf3 a6 20. Nd2 b5 21. h4 e5 {
Kaya,H-Buysschaert,R/Luzern olm 1982/BIG 80/1/2-1/2 (45)}) 7... Nxe4 8. Nxe4 d5
9. Bb3 dxe4 10. Ng5 b6 11. Nxe4 Bb7 12. Qg4 Na6 $14 (12... a5 13. Nc3 $11) 13.
O-O-O Qc8 $16 (13... Nb4 14. Qh4 $14) 14. Qh4 c5 15. Ng5 $11 (15. Qxe7 $5 Bxe4
16. Qxe4 cxd4 17. Bxd4 $16) 15... h5 16. dxc5 Nxc5 17. Bxc5 Qxc5 18. Rhe1 Bf6
19. f4 a5 ({Inferior is} 19... Bxg2 20. Qg3 Bc6 21. Nxf7 $16) 20. a3 a4 ({Not} 
20... Bxg2 21. Qg3 Bxg5 22. fxg5 $16 (22. Qxg5 Qxg5 23. fxg5 Bxh3 $15)) 21. Ba2
Rac8 {Do you see the mate threat?} ({Worse is} 21... Bxg2 22. Qg3 Qb5 23. c3
Bxg5 24. fxg5 $16 (24. Qxg5 $143 Qxg5 25. fxg5 Bxh3 $15)) 22. Rd2 $17 (22. c3
Bxc3 23. bxc3 Qxa3+ 24. Kb1 Qxc3 $15) 22... e6 $11 {Controls d5} (22... Bxb2+
23. Kxb2 Qc3+ 24. Kc1 Bd5 $19) 23. Qg3 Bxg5 24. fxg5 Rfd8 25. Rf2 (25. Qf4 Rxd2
26. Qxd2 Qf5 $11) 25... Rd7 $11 (25... Rd4 $5 $15) 26. Rxe6 Rcd8 {
The mate threat is Rd1} 27. Re1 Bd5 $14 (27... Qd4 28. Qd3 {
White cannot hold on to the material} Qxf2 29. Qxg6+ Kf8 30. Qh6+ Kg8 31. Qg6+
Kh8 32. Qh6+ Kg8 33. Qg6+ $11) 28. Bxd5 Qxd5 29. Qf3 $4 $19 {
what a pity, victory was in sight} (29. Kb1 $142 $14 {
this is the best bet to save the position}) 29... Qa2 {Threatening mate... how?
} (29... Qa2 30. c3 Qa1+ 31. Kc2 Qxe1 $19) (29... Qxg5+ $6 {succumbs to} 30.
Qf4 Qd5 31. Kb1 $11 (31. Qxa4 $4 {
that pawn is deadly bait and will cause White grave problems} Qd1+ 32. Rxd1
Rxd1#)) 0-1

[Event "Norwood Centenary"]
[Site "Norwood"]
[Date "1990.04.15"]
[Round "4.5"]
[White "Hatch, John H"]
[Black "Lee, Simon"]
[Result "0-1"]
[WhiteElo "1604"]
[BlackElo "1859"]
[PlyCount "50"]
[EventDate "1990.04.14"]
[EventType "swiss"]
[EventRounds "6"]
[EventCountry "AUS"]

1. d4 d5 2. c4 e6 (2... c6 3. Nf3 Nf6 4. e3 e6 5. Nc3 Be7 6. Bd3 O-O 7. O-O
Nbd7 {1/2-1/2 Lantini,M-Ljubisavljevic,Z/Roma op 1990/TD 90\03 (7)}) 3. Nc3 Nf6
4. Nf3 Nbd7 5. e3 c6 6. Bd3 Be7 7. O-O O-O {Queen's Gambit [Semi-Slav Defence]}
8. Qc2 Re8 $146 (8... h6 9. h3 Re8 10. cxd5 exd5 11. Nh4 Nf8 12. Nf3 Bd6 13. e4
dxe4 14. Nxe4 Nxe4 15. Bxe4 Be6 16. Be3 Qf6 17. Nd2 Rad8 18. Rae1 Bb8 19. b3
Bd5 20. Bxd5 cxd5 21. Nf3 Ng6 22. Qc1 Qd6 23. g3 {
Schlett,W-Falkenhagen,E/Ladenburg sen 1992/GER 04/0-1 (48)}) (8... c5 9. cxd5
exd5 10. b3 cxd4 11. Nxd4 Ne5 12. Bb2 Nxd3 13. Qxd3 Be6 14. Rad1 Rc8 15. h3 Qa5
16. a3 a6 17. b4 Qb6 18. Na4 Qa7 19. Nf5 Bxf5 20. Qxf5 Rfd8 21. Bxf6 Bxf6 22.
Rxd5 Rxd5 23. Qxc8+ Rd8 24. Qc7 Qb8 25. Qxb8 Rxb8 26. Rd1 b6 27. Rd5 Kf8 28.
Kf1 Ke7 29. Ke2 Ke6 30. Rd3 Be7 31. Rc3 Rb7 32. e4 {
1-0 Bacrot,E-Zaremba,A/Paris 1996 (32)}) (8... b6 9. cxd5 (9. Re1 Bb7 10. b3
Qc7 11. e4 dxe4 12. Nxe4 Nxe4 13. Bxe4 Nf6 14. Bg5 h6 15. Bh4 Rad8 16. Rad1
Rfe8 17. Bd3 c5 18. Bg3 Qc8 19. Bf1 Bxf3 20. gxf3 cxd4 21. Be5 Qc5 22. Qb2 Nh5
23. Re4 Bf6 24. Bxf6 Nxf6 25. Rexd4 Rxd4 26. Qxd4 Qxd4 27. Rxd4 Kf8 28. b4 Ke7
29. Be2 Rd8 30. Rxd8 Kxd8 31. Kf1 Kc7 32. Ke1 Kd6 33. Kd2 a5 34. a3 axb4 35.
axb4 Nd7 36. f4 Nf8 37. Kd3 Nd7 38. Kd4 f6 39. Ke4 Nb8 40. Kd3 Nc6 41. Kc3 e5
42. fxe5+ Nxe5 43. Kd4 Nc6+ 44. Kc3 g5 45. Bf3 Ne5 46. Be2 f5 47. Bd3 f4 48. h3
h5 49. Be4 g4 50. hxg4 Nxg4 51. Bf3 Nxf2 {
1/2-1/2 Vidalinc,J-Feugeas,V/Chartres 1990/EXT 90op2 (51)}) 9... exd5 10. e4
dxe4 11. Nxe4 Qc7 12. Bg5 Nd5 13. Bxe7 Nxe7 14. Rac1 Bb7 15. Rfe1 Nd5 16. Nc3
N5f6 17. Ne5 Qd6 18. Rcd1 Rac8 19. Nxd7 Nxd7 20. Bxh7+ Kh8 21. Re3 g6 22. Rh3
Kg7 23. Qd2 {Moerschbach,U-Sandten,U/NRW-I 8788 1988/BIG 80/1-0 (36)}) 9. h3 {
Prevents intrusion on g4} Bd6 10. c5 {White wins space} Bb8 11. b4 e5 {
Attacks the pawn chain} 12. dxe5 Nxe5 13. Nxe5 Bxe5 14. Bb2 h6 15. Rad1 Qe7 16.
Rfe1 Bc7 17. Ne2 Ne4 18. Nf4 Qg5 19. Bxe4 $17 (19. b5 $5 $11 {
might be a viable alternative}) 19... Rxe4 20. Qd2 Bf5 21. Bd4 Rae8 22. a3 R4e7
23. f3 g6 (23... Qg3 24. Ne2 Qh2+ 25. Kf1 $17) 24. a4 Qg3 25. b5 $4 $19 {
strolling merrily down the path to disaster} (25. Ne2 Qh2+ 26. Kf1 $15) 25...
Bxf4 (25... Bxf4 26. Kf1 Re6 $19) 0-1

[Event "Norwood Centenary"]
[Site "Norwood"]
[Date "1990.04.15"]
[Round "4.6"]
[White "Hoff, Gregory A"]
[Black "Sremcevic, George"]
[Result "1-0"]
[WhiteElo "1673"]
[BlackElo "1827"]
[PlyCount "81"]
[EventDate "1990.04.14"]
[EventType "swiss"]
[EventRounds "6"]
[EventCountry "AUS"]

1. e4 c5 2. Nf3 Nc6 3. d4 cxd4 4. Nxd4 e5 5. Nb5 {
Sicilian Defence [Labourdonnais Variation]} (5. Ne2 Bc5 6. Ng3 Nf6 7. Bc4 d6 8.
Nc3 Ng4 9. Qf3 O-O 10. O-O Qh4 11. h3 Nd4 12. Qd3 Nf6 13. Na4 Bxh3 14. Nxc5
dxc5 15. c3 b5 16. Bxb5 Nxb5 17. Qxb5 Be6 18. Rd1 Ng4 19. Qe2 Qh2+ {
Langner,L-Prymula,R/CZE-chT 1994/TD 94\03/1/2-1/2 (68)}) 5... Qa5+ $16 (5... h6
6. c4 a6 7. N5c3 Bc5 8. Nd5 Nf6 9. Nbc3 d6 10. Be3 Nxd5 11. Nxd5 Bxe3 12. Nxe3
Qa5+ 13. Qd2 Qxd2+ 14. Kxd2 Be6 15. Rc1 Nd4 16. Bd3 Rc8 17. Rc3 Kd7 18. Rhc1
Rc7 19. b3 Rhc8 20. Nd1 {
Helenius,M-Salonen,J/FIN-chT 1991/EXT 91ch2/1/2-1/2 (42)}) (5... a6 6. Nd6+
Bxd6 7. Qxd6 $11) 6. N1c3 $14 (6. Bd2 Qd8 $14) 6... a6 7. Nd6+ Bxd6 8. Qxd6 Nd4
$16 (8... Nf6 $142 $5 {should be examined more closely} 9. Bd3 Qb4 10. Qxb4
Nxb4 $14) 9. Bd3 Ne7 $18 (9... Ne6 $5 $16) 10. Bg5 $16 (10. Bd2 $5 Ne6 11. Nd5
Qd8 $18) 10... f6 11. Bd2 Qd8 12. O-O O-O 13. f4 Ndc6 14. Bc4+ Kh8 15. Be3 $14
(15. Rad1 b5 16. Bb3 exf4 17. Bxf4 Ng6 $16) 15... b5 16. Bd5 {
The bishop dominates} Bb7 17. fxe5 Nxd5 18. Nxd5 $11 (18. Qxd5 Na5 19. Qd3 fxe5
20. Rxf8+ Qxf8 21. Qxd7 Nc4 22. Qxb7 Nxe3 $14) 18... Nxe5 19. Bb6 Qc8 20. Nc7
$17 (20. Bd4 $5 {deserves consideration} Nc4 21. Qf4 $11) 20... Nf7 $14 (20...
Nc4 $142 21. Qd4 Rb8 $17 (21... Nxb6 $6 22. Qxb6 Rb8 23. Qd6 $11)) 21. Qe7 $11
(21. Qf4 Ng5 22. Nxa8 Bxa8 $14) 21... Rb8 22. Ba5 $15 (22. Rxf6 $142 $5 {
and White can hope to survive} Bxe4 23. Ba5 $16) 22... Bc6 $4 $18 {
forfeits the advantage} (22... Ne5 $142 $15 {was necessary}) 23. Rxf6 $1 {
White is still in the lead. White gets strong play along the open f-file} Qd8
$2 (23... Kg8 $142 24. Rf2 Nh6 $18) 24. Rxf7 Rxf7 25. Qxf7 Qg5 (25... Bxe4 {
praying for a miracle} 26. Qf4 Qe7 $18) 26. Rf1 (26. Ne8 $142 $5 {
seems even better} Bd5 27. Qf8+ Bg8 $18) 26... h6 27. Nd5 Bxd5 (27... Rc8 {
does not help much} 28. c3 $18) 28. exd5 Qe3+ 29. Kh1 {
White gets strong initiative} b4 (29... Qe4 {does not improve anything} 30. Bc3
Qg4 31. h3 $18) 30. Bxb4 a5 (30... Qg5 {cannot undo what has already been done}
31. c4 $18) 31. Bc3 {Threatening mate: Qxg7} Rg8 (31... Qg5 {
there is nothing better in the position} 32. Qxd7 a4 $18) 32. Qxd7 (32. Qg6
Qxc3 33. bxc3 a4 34. Rf7 a3 35. c4 d6 36. g4 Re8 37. Qxg7#) 32... Qe2 (32...
Qg5 {is not the saving move} 33. Bxa5 Rb8 34. b3 $18) 33. Qf5 a4 (33... Re8 {
is no salvation} 34. d6 $18) 34. Qf4 (34. Re1 $142 {and White has triumphed}
Qxe1+ 35. Bxe1 a3 $18) 34... Qh5 35. Qxa4 (35. d6 $5 {keeps an even firmer grip
} a3 $18) 35... Qxd5 36. Qf4 (36. Qg4 {and White can already relax} Kh7 $18)
36... Qh5 37. h3 Re8 (37... Rc8 {doesn't improve anything} 38. Qg3 Qg5 39. Qxg5
hxg5 40. Rf7 $18) 38. Qd6 (38. Qc7 $5 {makes it even easier for White} Qg5 39.
Rf7 Rg8 40. Bxg7+ Qxg7 41. Rxg7 Rxg7 42. Qxg7+ Kxg7 $18) 38... Qg5 39. Rf8+
Rxf8 40. Qxf8+ Kh7 41. Qxg7+ (41. Qxg7+ Qxg7 42. Bxg7 $18) (41. Bxg7 $142 $5 {
might be the shorter path} Qd5 42. Qe7 Kg8 43. Bxh6 Qf7 44. Qg5+ Kh7 $18) 1-0

[Event "Norwood Centenary"]
[Site "Norwood"]
[Date "1990.04.15"]
[Round "4.7"]
[White "Freytag, Justin"]
[Black "McLean, John"]
[Result "1-0"]
[WhiteElo "1909"]
[BlackElo "1616"]
[PlyCount "51"]
[EventDate "1990.04.14"]
[EventType "swiss"]
[EventRounds "6"]
[EventCountry "AUS"]

1. e4 e6 {French Defence} 2. d4 a6 3. Bd3 (3. c4 b5 4. Nf3 Bb7 5. d5 Bc5 6. Nc3
Nf6 7. Be2 bxc4 8. Bg5 h6 9. Bh4 Be7 10. Bg3 O-O 11. Bxc4 exd5 12. exd5 d6 13.
Nd4 Nbd7 14. Nf5 Nb6 15. Bb3 a5 16. O-O a4 17. Re1 Re8 {
Messa,R-Nokes,R/Luzern olm 1982/BIG 80/1/2-1/2 (35)}) (3. f4 b5 4. Nf3 Bb7 5.
Bd3 Nf6 6. e5 Ne4 7. Qe2 f5 8. exf6 Nxf6 9. f5 Bd6 10. fxe6 O-O 11. O-O Re8 12.
Ng5 h6 13. Nf7 Qe7 14. Nxd6 cxd6 15. exd7 Qxe2 16. Bxe2 Nbxd7 17. Bd3 Be4 {
Davtian,T-Baghdasarian,M/Erevan op 1996/EXP 52/1-0 (46)}) 3... b5 4. Ne2 $146 (
4. c3 Bb7 5. Nf3 Nf6 6. Nbd2 c5 7. Qe2 Be7 8. O-O cxd4 9. cxd4 Nc6 10. Re1 O-O
11. Nf1 h6 12. Ng3 Re8 13. e5 Nd5 14. Qe4 f5 15. exf6 Bxf6 16. Qh7+ Kf8 17.
Bxh6 gxh6 18. Qxh6+ Bg7 {
1/2-1/2 Berlandier,L-Marchand,F/Chanac op 1989/TD 89\10 (18)}) (4. Nf3 c5 5. c3
Bb7 6. O-O h6 7. Nbd2 Nf6 8. a4 cxd4 9. cxd4 Bb4 10. e5 Nd5 11. Ne4 f5 12. exf6
Nxf6 13. Ne5 O-O 14. Nxf6+ Qxf6 15. Qh5 Be7 16. Ng4 Qxd4 17. Qg6 {
1-0 Jacob,V-Schuettler,S/Heidelberg U20 1989/GER 04 (17)}) 4... c5 5. c3 Bb7 6.
O-O Nf6 7. Bg5 Qb6 8. Nd2 Nc6 {Black is behind in development.} 9. Nf3 cxd4 10.
cxd4 Nb4 11. Bxf6 {Black cannot castle queen side} Nxd3 (11... gxf6 12. Re1 $15
) 12. Qxd3 gxf6 {Consolidates e5+g5} 13. a4 Be7 (13... d5 14. e5 $11) 14. Rfd1
{White prepares the advance d5} h5 15. d5 {White gets more space} (15. axb5
Qxb5 16. Qxb5 axb5 17. Rxa8+ Bxa8 $11) 15... d6 $16 {Consolidates e5} (15...
Bc5 $142 {would allow Black to play on} 16. Rf1 b4 $11) 16. dxe6 {
White gets the initiative} fxe6 17. Ned4 Kf7 18. Nh4 $11 (18. axb5 $142 $5 axb5
19. Nxb5 Rxa1 20. Rxa1 $16) 18... Rag8 $14 (18... bxa4 19. Rxa4 Rad8 20. Nhf3
$11) 19. axb5 f5 20. exf5 ({Not} 20. bxa6 Bxe4 21. Qb5 Bxh4 22. Qd7+ Kg6 23.
Qxe6+ Bf6 $11) 20... Bxh4 21. fxe6+ {He broke from his leash} Ke8 22. g3 (22.
bxa6 $2 {would be great except for} Bxg2 23. Qc3 Bb7+ 24. Kf1 Bxa6+ 25. Rxa6
Qxa6+ 26. Qd3 Qxd3+ 27. Rxd3 Rg4 $19) 22... axb5 23. Nxb5 (23. Qxb5+ Qxb5 24.
Nxb5 Ke7 $18) 23... Be7 $18 (23... d5 $5 24. Nc3 Ke7 $16 (24... Qxe6 25. Re1 (
25. Nxd5 $6 {is the less attractive alternative} Qxd5 26. Qxd5 Bxd5 27. Rxd5
Bf6 $11) 25... Bc8 26. Qb5+ Kf7 27. Rxe6 Bxe6 28. Nxd5 Bxg3 29. fxg3 $18)) 24.
Rdc1 $11 (24. Nxd6+ $142 {and White could have gained the advantage} Bxd6 25.
Qxd6 Qxd6 26. Rxd6 $16) 24... Kf8 $4 $18 (24... h4 25. Nc7+ Kd8 $17) 25. Qf5+
Ke8 (25... Kg7 {the last chance for counterplay} 26. Rc7 $1 {decapitation} Kh6
27. Rxe7 Rf8 28. Rh7+ Rxh7 29. Qxf8+ Kg6 30. Nxd6 Qxb2 31. Qf5+ Kh6 $18) 26.
Ra8+ (26. Ra8+ Bxa8 27. Rc8+ Bd8 28. Qf7#) 1-0